LEADER 00695naa a2200145 i 4500 001 000000303508 003 CaOOAMICUS 005 20180831172801.0 008 180831n xx u000 u und u 013 $a11288 040 $aSeMil$bita 100 1 $aMarin, Marcello.$0(OLS)http://semarc/name/46727 245 10$a«Pendula expectatio» :$bun «topos» stoico nei Padri latini ; Due ntica dell'Università di Bari. [S.l.] : EDIPUGLIA, (stampa 1988). 773 0 $tSapientia et eloquentia.$d[Bari] : Edipuglia, stampa 1988.$w()38364 996 $6245$a«Pendula expectatio» :$bun «topos» stoico nei Padri latini ; Due ntica dell'Università di Bari. [S.l.] : EDIPUGLIA, (stampa 1988).$9(OLS)http://semarc/title/379474 LEADER 00840nam a2200193 i 4500 001 000000057283 003 CaOOAMICUS 005 20230927095249.0 008 071203s1972 it u000 u ita u 013 $a28455 040 $aSeMil$bita 245 10$aTrecianum :$becclesia, paroecia beneficiumque de depositione st. Ambrosii episcopi, in Treciano. 300 $a159 p. :$bill. 773 0 $tRicerche storiche di Trezzano sul Naviglio.$d[S.l.] : Centro culturale di Trezzano sul Naviglio, [1971?]-[1982?]$gVolume2$w()18867 850 $aSeMil 852 $aSeMil$W1$xVenegono$y1$m3P II 353$j23437$B23437$CSeMilBibl$Z2$F23439 $81 961 $aLascito: Colombo Card. Giovanni 996 $6245$aTrecianum :$becclesia, paroecia beneficiumque de depositione st. Ambrosii episcopi, in Treciano$9(OLS)http://semarc/title/89128